Memòria de dos anys d'escola taller / Miquel Coma ... [et al.] ; pròlegs d'Enriqueta Ayats i Planagumà i Ricard Batista i Noguera
Descripción Física:
73 p. : il., col. ; 20 x 20 cm
MARC
| LEADER | 00000nam a2200000Ia 4500 | ||
|---|---|---|---|
| 001 | 11623 | ||
| 003 | BGR | ||
| 005 | 20260324175345.0 | ||
| 008 | 160829s1996 xx 000 0 cat d | ||
| 080 | |a E-1-118 | ||
| 110 | 2 | |a Emporiton. Escola Taller d'Empúries |9 70746 | |
| 245 | |a Memòria de dos anys d'escola taller / Miquel Coma ... [et al.] ; pròlegs d'Enriqueta Ayats i Planagumà i Ricard Batista i Noguera | ||
| 260 | |a Empúries : |b Museu Nacional d'Arqueologia de Catalunya, |c 1996 | ||
| 300 | |a 73 p. : |b il., col. ; |c 20 x 20 cm | ||
| 650 | |a Emporiton. Escola-Taller d'Empúries |x Memòries |9 28954 | ||
| 700 | |a Coma, Miquel |9 28955 | ||
| 700 | 1 | |a Ayats i Planagumà, Enriqueta |9 28956 | |
| 700 | |a Batista i Noguera, Ricard |9 31632 | ||
| 710 | 2 | |a Museu d'Arqueologia de Catalunya |9 53550 | |
| 901 | |a Arxiu | ||
| 942 | |n 1 |2 udc |c MON | ||
| 952 | |0 0 |1 0 |4 0 |6 E1118 |7 1 |9 44987 |a Arxiu |b Arxiu |d 2016-12-01 |l 0 |o E-1-118 |p 11623 |r 2016-12-01 00:00:00 |w 2016-12-01 |y ARXIU | ||
| 999 | |c 47590 |d 47590 | ||